00000000nam##2200000za#4500
0019.579306
003CaOODSP
00520210624190511
007cr |||||||||||
008150406|2001||||xxc|||||o    f|0| 0 eng|d
022 |a1488-5379
040 |aCaOODSP|beng
043 |an-cn---
0861 |aFs97-6/2363E-PDF
1101 |aCanada. |bDepartment of Fisheries and Oceans.
24514|aThe conservation basis for the regulation of whale watching in Canada by the Department of Fisheries and Oceans : |h[electronic resource]|ba precautionary approach / |cby Jon Lien.
260 |aWinnipeg - Manitoba : |bFisheries and Oceans Canada |c2001.
300 |a28p.|breferences, tables
4901 |aCanadian technical report of fisheries and aquatic sciences|x1488-5379|vNo. 2363
500 |aOn t.p.: Central and Arctic Region, Winnipeg, Manitoba. The catalogue number and ISSN for the print edition appear in the PDF version.
546 |a(Résumé en français)
590 |a14-06-Supp|b2014-03-21
7201 |aLien, J.
830#0|aCanadian technical report of fisheries and aquatic sciences,|x1488-5379|vNo. 2363|w(CaOODSP)9.504449
85640|ahttp://publications.gc.ca|qPDF|s302 KB|uhttps://publications.gc.ca/collections/collection_2014/mpo-dfo/Fs97-6-2363-eng.pdf|yNo. 2363